Sovereignty After Empire : (Record no. 16448)
[ view plain ]
| 000 -LEADER | |
|---|---|
| fixed length control field | 01064nam a22002657a 4500 |
| 005 - DATE AND TIME OF LATEST TRANSACTION | |
| control field | 20130203123236.0 |
| 008 - FIXED-LENGTH DATA ELEMENTS--GENERAL INFORMATION | |
| fixed length control field | 120212s2011 uk|||||r|||| 001 0 eng d |
| 020 ## - INTERNATIONAL STANDARD BOOK NUMBER | |
| International Standard Book Number | 0748643044 |
| 020 ## - INTERNATIONAL STANDARD BOOK NUMBER | |
| International Standard Book Number | 9780748643042 |
| 082 ## - DEWEY DECIMAL CLASSIFICATION NUMBER | |
| Edition number | 22 |
| Classification number | 320.150956 |
| Item number | SOV |
| 245 ## - TITLE STATEMENT | |
| Title | Sovereignty After Empire : |
| Remainder of title | Comparing the Middle East and Central Asia / |
| Statement of responsibility, etc | edited by Sally N. Cummings and Raymond Hinnebusch. |
| 260 ## - PUBLICATION, DISTRIBUTION, ETC. (IMPRINT) | |
| Place of publication, distribution, etc | Edinburgh : |
| Name of publisher, distributor, etc | Edinburgh University Press, |
| Date of publication, distribution, etc | c2011. |
| 300 ## - PHYSICAL DESCRIPTION | |
| Extent | xi, 396 p. ; |
| Dimensions | 24 cm. |
| 500 ## - GENERAL NOTE | |
| General note | Published in association with The Honeyman Foundation. |
| 504 ## - BIBLIOGRAPHY, ETC. NOTE | |
| Linkage | Includes bibliographical references and index. |
| 651 ## - SUBJECT ADDED ENTRY--GEOGRAPHIC NAME | |
| 9 (RLIN) | 11754 |
| Geographic name | Middle East |
| General subdivision | Politics and government. |
| 651 ## - SUBJECT ADDED ENTRY--GEOGRAPHIC NAME | |
| 9 (RLIN) | 28836 |
| Geographic name | Asia, Central |
| General subdivision | Politics and government. |
| 651 ## - SUBJECT ADDED ENTRY--GEOGRAPHIC NAME | |
| 9 (RLIN) | 28837 |
| Geographic name | Middle East |
| General subdivision | Colonial influence. |
| 651 ## - SUBJECT ADDED ENTRY--GEOGRAPHIC NAME | |
| 9 (RLIN) | 28838 |
| Geographic name | Asia, Centra |
| General subdivision | Colonial influence. |
| 651 ## - SUBJECT ADDED ENTRY--GEOGRAPHIC NAME | |
| 9 (RLIN) | 28839 |
| Geographic name | Sovereignty |
| General subdivision | Cross-cultural studies. |
| 653 ## - INDEX TERM--UNCONTROLLED | |
| Resource For college | |
| Arrived date list | February2012 |
| -- | February2013 |
| 700 ## - ADDED ENTRY--PERSONAL NAME | |
| 9 (RLIN) | 28840 |
| Personal name | Cummings, Sally N. |
| 700 ## - ADDED ENTRY--PERSONAL NAME | |
| 9 (RLIN) | 28841 |
| Personal name | Hinnebusch, Raymond A. |
| 942 ## - ADDED ENTRY ELEMENTS (KOHA) | |
| Source of classification or shelving scheme | Dewey Decimal Classification |
| Item type | Book - Borrowing |
| Withdrawn status | Item status | Source of classification or shelving scheme | Damaged status | Not for loan | Vendor | Home library | Current library | Shelving location | Date acquired | Source of acquisition | Cost, normal purchase price | Serial Enumeration / chronology | Total Checkouts | Total Renewals | Full call number | Barcode | Date last seen | Date last borrowed | Koha item type |
|---|---|---|---|---|---|---|---|---|---|---|---|---|---|---|---|---|---|---|---|
| Dewey Decimal Classification | MERIC | Central Library | Central Library | First floor | 12/02/2012 | 704.00 | 13168 | 1 | 1 | 320.150956 SOV | 000026090 | 15/07/2025 | 07/05/2014 | Book - Borrowing | |||||
| Dewey Decimal Classification | MERIC | Central Library | Central Library | First floor | 03/02/2013 | 725.00 | 000263 | 320.150956 SOV | 000027974 | 15/07/2025 | Book - Borrowing |